Iron Man Movie Trivia - Statistics

General Stats
  • This quiz has been taken 191 times
    151 since last reset
  • The average score is 9 of 17
Answer Stats
Hint Answer % Correct
What is Tony's AI assistant called? J.A.R.V.I.S.
98%
Tony Stark/Iron Man Robert Downey Jr.
84%
What AC/DC song plays in the beginning? Back in {Black}
82%
What massive universe of over 30 movies began with this film? Marvel Cinematic Universe
73%
In what country does Tony Stark get held captive in a cave by terrorists? Afghanistan
69%
Where is Tony Stark's coastal mansion? Malibu
57%
What is Tony Stark said to be the merchant of? Death
56%
Pepper Potts Gwyneth Paltrow
47%
What is the terrorist group called? Ten Rings
47%
What is the new Stark Industries missile that splits apart and disperses before detonating? Jericho
45%
Who installs an electromagnet on Tony's chest to keep him alive? Dr. Ho {Yinsen}
39%
Who directed the film? Jon Favreau
36%
What does Obadiah Stane's hendheld sonic weapon do to people? Paralyzes Them
29%
What does Stark reveal at the end of the movie? His Secret Identity
28%
What does Iron Man hold on to the underside of in the sky? Fighter Jet
23%
James Rhodes Terrence Howard
23%
Obadiah Stane Jeff Bridges
21%
No matching quizzes found
Score Distribution
Percent of People with Each Score
Percentile by Number Answered
Your Score History
You have not taken this quiz since the last reset